000 00639nam a2200277Ia 4500
005 20260324115056.0
008 008 260324s9999 xx 000 0 eng d
020 _a9780429464966
037 _aEBOOK
040 _aCRL
040 _beng
040 _cCRL
041 _2eng
041 _aeng
084 _qCRL
100 _aMichael Matthew Messina
_91153273
245 3 _aAn Introduction to GameGuru
260 _bTaylor and Francis
260 _c2019
365 _a
365 _b240
856 _uhttp://www.taylorfrancis.com/books/9780429464966
942 _cEBOOK
999 _c1743874
_d1743874